Billboard #1 Hits of 1960 - Statistics

General Stats
  • This quiz has been taken 40 times
  • The average score is 8 of 19
Answer Stats
Hint Extra Hint Explanation Answer % Correct
The Twist 19 September (1 wk.) Listen on YouTube Chubby Checker
91%
Georgia on My Mind 14 November (1 wk.) Listen on YouTube Ray Charles
88%
Are You Lonesome Tonight? 28 November (6 wks.) Listen on YouTube Elvis Presley
82%
It's Now or Never 15 August (5 wks.) Listen on YouTube Elvis Presley
68%
Cathy's Clown 23 May (5 wks.) Listen on YouTube The Everly Brothers
62%
El Paso 4 January (2 wks.) Listen on YouTube Marty Robbins
53%
I'm Sorry 18 July (3 wks.) Listen on YouTube Brenda Lee
47%
Theme from A Summer Place 22 February (9 wks.) Listen on YouTube Percy Faith
44%
Save the Last Dance for Me 17 October (1 wk.)
31 October (2 wks.)
Listen on YouTube The Drifters
44%
Itsy Bitsy Teenie Weenie Yellow Polka Dot Bikini 8 August (1 wk.) Listen on YouTube Brian Hyland
41%
Stay 21 November (1 wk.) Listen on YouTube Maurice Williams and the Zodiacs
38%
Stuck on You 25 April (4 wks.) Listen on YouTube Elvis Presley
35%
Everybody's Somebody's Fool 27 June (2 wks.) Listen on YouTube Connie Francis
29%
Running Bear 18 January (3 wks.) Listen on YouTube Johnny Preston
29%
Alley-Oop 11 July (1 wk.) Listen on YouTube Hollywood Argyles
26%
My Heart Has a Mind of Its Own 26 September (2 wks.) Listen on YouTube Connie Francis
21%
I Want to Be Wanted 24 October (1 wk.) Listen on YouTube Brenda Lee
18%
Mr. Custer 10 October (1 wk.) Listen on YouTube Larry Verne
18%
Teen Angel 8 February (2 wks.) Listen on YouTube Mark Dinning
12%
No matching quizzes found
Score Distribution
Percent of People with Each Score
Percentile by Number Answered
Your Score History
You have not taken this quiz